| 000 | 00777nam a2200205 a 4500 | ||
|---|---|---|---|
| 001 | 000045494 | ||
| 005 | 20240409073826.0 | ||
| 008 | 150410s2011 dr a 000 j spa d | ||
| 040 |
_aDO-SdBNP _bspa _cBNPHU |
||
| 082 |
_aRD863.5 _bP349n |
||
| 100 | 1 |
_aPeña, Porfirio _963145 |
|
| 245 | 1 | 3 |
_aEl niño y el fantasmita / _cPorfirio Peña Bernald ; prólogo Ileana Orquidea Peña de los Santos. |
| 260 |
_aSanto Domingo : _bFundación Editorial (UNAPLEERFE), _c2011. |
||
| 300 |
_a77 p. : _bil. ; _c21 cm. |
||
| 500 | _aIncluye datos biográficos del autor en la contracubierta. | ||
| 650 | 0 |
_aCuentos infantiles dominicanos _9505 |
|
| 650 | 4 |
_aLiteratura infantil dominicana _9441 |
|
| 700 | 1 | 2 |
_aPeña, Ileana Orquidea _epról. _973551 |
| 910 | _aValidado. Control de calidad MFF | ||
| 999 |
_c44983 _d44983 |
||